<?xml version="1.0" encoding="UTF-8"?>
<collection xmlns="http://www.loc.gov/MARC21/slim">
 <record>
  <leader>01248nam a2200301 a 4500</leader>
  <controlfield tag="001">16979900</controlfield>
  <controlfield tag="008">120926r20111961nyu           001 0 eng d</controlfield>
  <datafield tag="999" ind1=" " ind2=" ">
   <subfield code="c">12849</subfield>
   <subfield code="d">12849</subfield>
  </datafield>
  <datafield tag="010" ind1=" " ind2=" ">
   <subfield code="a">  2011292317</subfield>
  </datafield>
  <datafield tag="020" ind1=" " ind2=" ">
   <subfield code="a">0679644334 (hbk.)</subfield>
  </datafield>
  <datafield tag="020" ind1=" " ind2=" ">
   <subfield code="a">9780679644330 (hbk.)</subfield>
  </datafield>
  <datafield tag="040" ind1=" " ind2=" ">
   <subfield code="a">YDXCP</subfield>
   <subfield code="c">YDXCP</subfield>
   <subfield code="d">MR0</subfield>
   <subfield code="d">FLL</subfield>
   <subfield code="d">BWX</subfield>
   <subfield code="d">DLC</subfield>
   <subfield code="d">BD-DhAAL</subfield>
  </datafield>
  <datafield tag="082" ind1="0" ind2="0">
   <subfield code="a">307.12160973</subfield>
   <subfield code="2">20</subfield>
  </datafield>
  <datafield tag="100" ind1="1" ind2=" ">
   <subfield code="a">Jacobs, Jane,</subfield>
   <subfield code="d">1916-2006.</subfield>
   <subfield code="9">32291</subfield>
  </datafield>
  <datafield tag="245" ind1="1" ind2="4">
   <subfield code="a">The death and life of great American cities /</subfield>
   <subfield code="c">Jane Jacobs ; with a new introduction by Jason Epstein and a foreword by the author.</subfield>
  </datafield>
  <datafield tag="250" ind1=" " ind2=" ">
   <subfield code="a">50th anniversary ed., 2011 Modern Library ed.</subfield>
  </datafield>
  <datafield tag="260" ind1=" " ind2=" ">
   <subfield code="a">New York :</subfield>
   <subfield code="b">Modern Library,</subfield>
   <subfield code="c">2011.</subfield>
  </datafield>
  <datafield tag="300" ind1=" " ind2=" ">
   <subfield code="a">xxxvi, 598 p. ;</subfield>
   <subfield code="c">19 cm.</subfield>
  </datafield>
  <datafield tag="500" ind1=" " ind2=" ">
   <subfield code="a">Originally published: New York : Random House, 1961.</subfield>
  </datafield>
  <datafield tag="500" ind1=" " ind2=" ">
   <subfield code="a">Includes index.</subfield>
  </datafield>
  <datafield tag="526" ind1=" " ind2=" ">
   <subfield code="a">ARC</subfield>
  </datafield>
  <datafield tag="541" ind1=" " ind2=" ">
   <subfield code="a">00025919</subfield>
  </datafield>
  <datafield tag="650" ind1=" " ind2="0">
   <subfield code="a">City planning</subfield>
   <subfield code="z">United States.</subfield>
   <subfield code="9">32292</subfield>
  </datafield>
  <datafield tag="650" ind1=" " ind2="0">
   <subfield code="a">Urban renewal</subfield>
   <subfield code="z">United States.</subfield>
   <subfield code="9">32293</subfield>
  </datafield>
  <datafield tag="650" ind1=" " ind2="0">
   <subfield code="a">Urban policy</subfield>
   <subfield code="z">United States.</subfield>
   <subfield code="9">32294</subfield>
  </datafield>
  <datafield tag="852" ind1="1" ind2=" ">
   <subfield code="a">Ayesha Abed Library</subfield>
   <subfield code="j">General shelf</subfield>
  </datafield>
  <datafield tag="942" ind1=" " ind2=" ">
   <subfield code="2">ddc</subfield>
   <subfield code="c">BK</subfield>
  </datafield>
  <datafield tag="952" ind1=" " ind2=" ">
   <subfield code="0">0</subfield>
   <subfield code="1">0</subfield>
   <subfield code="4">0</subfield>
   <subfield code="6">307_121609730000000_JAC</subfield>
   <subfield code="7">0</subfield>
   <subfield code="9">21154</subfield>
   <subfield code="a">BRACUL</subfield>
   <subfield code="b">BRACUL</subfield>
   <subfield code="c">GEN</subfield>
   <subfield code="d">2012-09-26</subfield>
   <subfield code="e">Riza Enterprize</subfield>
   <subfield code="g">2035.00</subfield>
   <subfield code="l">4</subfield>
   <subfield code="m">14</subfield>
   <subfield code="o">307.12160973 JAC</subfield>
   <subfield code="p">3010025919</subfield>
   <subfield code="r">2019-03-13</subfield>
   <subfield code="s">2018-10-09</subfield>
   <subfield code="t">1</subfield>
   <subfield code="w">2012-09-26</subfield>
   <subfield code="y">BK</subfield>
  </datafield>
 </record>
</collection>
